000 00619nam a2200229Ia 4500
005 20260429111842.0
008 260429s9999||||xx |||||||||||||| ||und||
020 _a9789358991864
041 _aEnglish
082 _a635
_bPAN
100 _aPandey, Avnish K.
245 0 _aEmerging technologies in horticulture /
_cAvnish K. Pandey
250 _a1st ed.
260 _aNew Delhi :
_bElite Publishing House,
_c2025.
300 _aix, 230 p.; hb
650 _aHorticulture
700 _a Devraj
700 _a Dwivedi, Shailendra K.
700 _a Gurjar, Tulsi
700 _a Pandey, Rajesh K.
942 _cTB
999 _c51143
_d51143